[Event "ESP-ch U10"]
[Site "Salobrena"]
[Date "2023.07.03"]
[Round "1"]
[White "Dominguez Martinez, Jaime"]
[Black "Roo Perez, Xoel"]
[Result "0-1"]
[WhiteElo "1064"]
[BlackElo "1416"]
[PlyCount "90"]
[EventDate "2023.07.03"]
[EventType "swiss"]
[EventRounds "9"]
[EventCountry "ESP"]
[SourceTitle "EXT 2024"]
[Source "ChessBase"]
[SourceDate "2023.10.10"]
[SourceVersion "1"]
[SourceVersionDate "2023.10.10"]
[SourceQuality "1"]

1. d4 d5 2. Bf4 Bf5 3. Nc3 e6 4. Nb5 Na6 5. Nf3 c6 6. Bg5 Be7 7. Bf4 cxb5 8. e3 Qa5+ 9. c3 Nf6 10. Ne5 0-0 11. Qf3 Ne4 12. Bd3 Rfe8 13. Bxe4 Bxe4 14. Qg3 Bf8 15. 0-0 Rad8 16. b4 Qb6 17. Bg5 Rd6 18. Ng4 Bg6 19. Rab1 Be7 20. Bf4 Rc6 21. Rbc1 Bd6 22. Bxd6 Rxd6 23. Ne5 Rdd8 24. f4 Nb8 25. Rf3 Nc6 26. Nxg6 fxg6 27. Qh4 Qc7 28. Rh3 h6 29. Qg4 Qf7 30. Rf1 Qf5 31. Qg3 Rd7 32. Qh4 Ne7 33. g4 Qf8 34. Qg3 Rc8 35. Rc1 Rdc7 36. Qe1 Rc4 37. g5 h5 38. Qd2 Qf5 39. Rg3 Qe4 40. Kf1 Nc6 41. Ke2 Nxb4 42. Rb1 Qxb1 43. cxb4 Rc2 44. Qxc2 Rxc2+ 45. Kf3 Qf1# 0-1